| 000 | 00714nam a2200289Ia 4500 | ||
|---|---|---|---|
| 005 | 20260324114002.0 | ||
| 008 | 008 260324s9999 xx 000 0 eng d | ||
| 020 | _a9781315458410 | ||
| 037 | _aEBOOK | ||
| 040 | _aCRL | ||
| 040 | _beng | ||
| 040 | _cCRL | ||
| 041 | _2eng | ||
| 041 | _aeng | ||
| 084 | _qCRL | ||
| 100 |
_aYvonne Rueckert _91148962 |
||
| 245 | 0 | _aEmployment Relations and Global Governance | |
| 245 | 4 | _bThe Dialogue between the Global Unions and the IFIs | |
| 260 | _bTaylor and Francis | ||
| 260 | _c2023 | ||
| 365 | _a | ||
| 365 | _b220 | ||
| 856 | _uhttp://www.taylorfrancis.com/books/9781315458410 | ||
| 942 | _cEBOOK | ||
| 999 |
_c1738910 _d1738910 |
||